| 000 | 00783cam a2200265 i 4500 | ||
|---|---|---|---|
| 999 |
_c22262 _d22262 |
||
| 001 | 2214593 | ||
| 003 | BDDh-ASL | ||
| 005 | 20231015030116.0 | ||
| 008 | 750904s1974 ii b 000 0 eng | ||
| 010 | _a 74903671 | ||
| 020 | _cRs25.00 | ||
| 040 |
_aDLC _cDLC _dDLC _dBDDh-ASL |
||
| 043 | _aa-ii--- | ||
| 050 | 0 | 0 |
_aDS447 _b.A25 |
| 082 | 0 | 0 |
_a327.54 _bABB |
| 100 | 1 |
_aAbrol, Mridula, _d1940- |
|
| 245 | 1 | 0 |
_aBritish relations with frontier states, 1863-1875 / _cMridula Abrol. |
| 260 |
_aNew Delhi : _bS. Chand, _c[1974] |
||
| 300 |
_avi, 157 p. : _c24 cm. |
||
| 504 | _aBibliography: p. 148-151. | ||
| 651 | 0 |
_aIndia _xForeign relations. |
|
| 651 | 0 |
_aIndia _xPolitics and government _y1857-1919. |
|
| 906 |
_a7 _bcbc _corignew _d4 _encip _f19 _gy-gencatlg |
||
| 942 |
_2ddc _cBK |
||